Don`t say that (Record no. 6670)
[ view plain ]
| 000 -LEADER | |
|---|---|
| fixed length control field | 00225nam a22000857a 4500 |
| 008 - FIXED-LENGTH DATA ELEMENTS--GENERAL INFORMATION | |
| fixed length control field | 170608b xxu||||| |||| 00| 0 eng d |
| 100 ## - MAIN ENTRY--PERSONAL NAME | |
| 9 (RLIN) | 3343 |
| Personal name | Prakash. V |
| 245 ## - TITLE STATEMENT | |
| Title | Don`t say that |
| 260 ## - PUBLICATION, DISTRIBUTION, ETC. (IMPRINT) | |
| Place of publication, distribution, etc. | New Delhi |
| Name of publisher, distributor, etc. | Dreamland Publication |
| Date of publication, distribution, etc. | 2004 |
| Withdrawn status | Lost status | Source of classification or shelving scheme | Damaged status | Koha normalized classification for sorting | Not for loan | Home library | Current library | Shelving location | Date acquired | Total Checkouts | Full call number | Barcode | Date last seen | Price effective from | Koha item type |
|---|---|---|---|---|---|---|---|---|---|---|---|---|---|---|---|
| Dewey Decimal Classification | 823_000000000000000 | Good Samaritan School Library | Good Samaritan School Library | FICTION | 06/08/2017 | 823 | PRA2548 | 06/08/2017 | 06/08/2017 | BOOK |